| 000 | 00335nam a22001097a 4500 | ||
|---|---|---|---|
| 082 |
_a347.5491052 _bMAH |
||
| 100 | _aMahmood Shaukat | ||
| 245 |
_aThe Limitation Act (Act IX of 1908) / _cSh. Shaukat Mahmood and Sh. Nadeem Shaukat |
||
| 260 |
_aLahore : _bLegal Research Centre, _c2020. |
||
| 300 |
_a1028 p. ; _c24 cm. |
||
| 942 |
_2ddc _cBK |
||
| 999 |
_c592339 _d592339 |
||